Zamestnanecké benefity

Aktuálne trendy v oblasti vývoja benefitov na Slovensku. Finančné a nefinančné benefity. Odmeňovanie manažérov a výkonných pracovníkov. Zaangažovanosť, pocit participácie a sebarealizácie mladého pracovníka. Kvalitné a sústavné vzdelávanie. Športové podujatia. Spolufinancovanie benefitov ako alterna...

Description complète

Enregistré dans:
Détails bibliographiques
Auteur principal: Burák, Emil
Format: Chapitre de livre
Langue:slovaque
Sujets:
Tags: Ajouter un tag
Pas de tags, Soyez le premier à ajouter un tag!

MARC

LEADER 00000naa a2200000 4500
001 0128089
005 20231109102912.7
041 0 |a slo 
044 |a SK 
245 1 0 |a Zamestnanecké benefity  |c Emil Burák 
520 |a Aktuálne trendy v oblasti vývoja benefitov na Slovensku. Finančné a nefinančné benefity. Odmeňovanie manažérov a výkonných pracovníkov. Zaangažovanosť, pocit participácie a sebarealizácie mladého pracovníka. Kvalitné a sústavné vzdelávanie. Športové podujatia. Spolufinancovanie benefitov ako alternatíva. Vlastné škôlky a ambulancie. Osobné darčeky. Atraktívne pracovné prostredie. Plošné poskytovanie benefitov pre všetkých zamestnancov. Cafeteria systém. Najobľúbenejšie benefity v Slovenskej republike. 
610 2 0 |a benefity 
610 2 0 |a odmeňovanie 
610 2 0 |a motivácia pracovná 
610 2 0 |a prostredie pracovné 
610 2 0 |a stravovanie zamestnancov 
610 2 0 |a vzdelávanie 
610 2 0 |a kultúra 
610 2 0 |a oddych 
610 2 0 |a zamestnanci 
610 2 0 |a manažéri 
100 1 |a Burák, Emil